| 000 | 00862nam a2200265 i 4500 | ||
|---|---|---|---|
| 001 | bg | ||
| 100 | 1 | _aMISIŃSKA, Danuta. | |
| 245 | 1 | 0 |
_aPodstawy rachunkowości / _cDanuta Misińska ; Fundacja Edukacyjna Przedsiębiorczości. |
| 250 | _aWyd. 5 zm. | ||
| 260 |
_aWarszawa ; _aWrocław : _bWydaw. Naukowe PWN, _c2002. |
||
| 300 |
_a225, [3] s. ; _c21 cm. |
||
| 490 | 1 | _aPrzedsiębiorczość | |
| 504 | _aBibliogr. | ||
| 650 | 9 | _aRachunkowość | |
| 710 | 0 | _aFundacja Edukacyjna Przedsiębiorczości (Łódź) | |
| 830 | _aPrzedsiębiorczość | ||
| 020 | _a8301138130 | ||
| 040 | _cBPK | ||
| 041 | 0 | _apol | |
| 080 | _a657 | ||
| 920 | _a83-01-13813-0 | ||
| 942 | _cKS | ||
| 008 | s pl f |000 0 pol | ||
| 999 |
_c43327 _d43327 |
||
| 856 |
_uhttp://koha.tu.koszalin.pl/cgi-bin/koha/opac-detail.pl?biblionumber=43327 _yKatalog online BPK |
||